00672nam a2200169 a 450000100100000000500170001000800410002704000250006810000300009324500670012326000940019030000210028450400660030504900090037195201050038099900170048500002949520200930055606.0110418s1999 sp 000 0 spa d aDO-SdBNPbspacBNPHU1 aGarcía, Marciano94334010aPsicología de la experiencia religiosa /cMarciano García. aBurgos :bMonte Carmelo;aSanto Domingo :bEditorial de Espiritualidad del Caribe,c1999. a142 p. ;c21 cm. aIncluye referencias bibliográficas al pie de las páginas. aBNPD 001050718MOaPDbPDcCTd2011-04-18iLF1l0o p29495-10r2020-06-25w2020-06-25y1ZNo se presta c28987d28987